Kvalita prvého splachu zo spevnených plôch na území Slovenskej republiky
Hodnotenie kvality zrážkovej vody vo vybraných lokalitách na Slovensku. Kritériá kvality podzemných vôd. Analýza hodnôt ťažkých kovov prvého splachu. Prekročené limitné hodnoty niklu, medi, zinku, olova a chrómu v záujmových oblastiach.
Guardado en:
| Autor principal: | |
|---|---|
| Otros Autores: | , |
| Formato: | Capítulo de libro |
| Lenguaje: | eslovaco |
| Materias: | |
| Etiquetas: |
Sin Etiquetas, Sea el primero en etiquetar este registro!
|
MARC
| LEADER | 00000naa a2200000 4500 | ||
|---|---|---|---|
| 001 | 0262616 | ||
| 005 | 20200225123835.7 | ||
| 041 | 0 | |a slo | |
| 044 | |a SK | ||
| 245 | 1 | 0 | |a Kvalita prvého splachu zo spevnených plôch na území Slovenskej republiky |c Jaroslav Hrudka, Štefan Stanko, Ivana Marko |
| 520 | |a Hodnotenie kvality zrážkovej vody vo vybraných lokalitách na Slovensku. Kritériá kvality podzemných vôd. Analýza hodnôt ťažkých kovov prvého splachu. Prekročené limitné hodnoty niklu, medi, zinku, olova a chrómu v záujmových oblastiach. | ||
| 610 | 2 | 0 | |a voda |
| 610 | 2 | 0 | |a kovy ťažké |
| 610 | 2 | 0 | |a regióny |
| 610 | 2 | 0 | |a analýzy |
| 610 | 2 | 0 | |a kvalita vody |
| 100 | 1 | |a Hrudka, Jaroslav | |
| 700 | 1 | |a Stanko, Štefan | |
| 700 | 1 | |a Marko, Ivana | |